00775nai a2200193Ia 4500003000900000008004100009022002200050022002300072040001600095245006400111260008600175310001400261362002600275521006900301650005800370650003000428650003500458856008800493IN-BaIIA211028c9999 xx s 000 0 eng d a1063-6536 (Print) a1558-0865 (Online) cIIA Library 0aIEEE Transactions on Control Systems Technologyh[eJournal] aNew York, USAbThe Institute of Electrical and Electronics Engineers, Inc. (IEEE) aBimonthly a1(1); 1993 - Present  bSubscribed through National Knowledge Resource Consortium (NKRC) a Communication, Networking and Broadcast Technologies a Computing and Processing aSignal Processing and Analysis uhttps://ieeexplore.ieee.org/servlet/opac?punumber=87yClick Here to Access eJournal